[Event "BCF-chT3W 2223 (4NCL)"]
[Site "England"]
[Date "2023.04.29"]
[Round "9.34"]
[White "Freeland, Alex"]
[Black "Cundy, Mark A"]
[Result "1-0"]
[WhiteElo "2093"]
[BlackElo "1861"]
[PlyCount "105"]
[EventDate "2022.10.22"]
[EventType "team-tourn"]
[EventRounds "11"]
[EventCountry "ENG"]
[SourceTitle "EXT 2024"]
[Source "ChessBase"]
[SourceDate "2023.10.10"]
[SourceVersion "1"]
[SourceVersionDate "2023.10.10"]
[SourceQuality "1"]
[WhiteTeam "West is Best II"]
[BlackTeam "Warwicks Select II"]
[WhiteTeamCountry "WLS"]
[BlackTeamCountry "ENG"]

1. d4 f5 2. g3 g6 3. Bg2 Bg7 4. Nh3 Nf6 5. Nf4 Nc6 6. d5 Ne5 7. Nd2 0-0 8. h4 Nf7 9. e4 e5 10. dxe6 dxe6 11. exf5 exf5 12. 0-0 Nd6 13. c3 Re8 14. Qb3+ Kh8 15. Nf3 a5 16. Ng5 a4 17. Qc2 Nfe4 18. Nxe4 Nxe4 19. Be3 Qe7 20. Rad1 a3 21. Nd5 Qf7 22. b3 Be6 23. c4 Rad8 24. Nf4 Bd7 25. Bd4 Bxd4 26. Rxd4 Bc6 27. Rfd1 Rxd4 28. Rxd4 Qf6 29. Rd1 Rd8 30. Nd5 Bxd5 31. cxd5 Qe5 32. f4 Qe7 33. Bxe4 fxe4 34. Qc3+ Kg8 35. Qc4 Kf8 36. Qd4 Kf7 37. Kf2 Re8 38. Rc1 e3+ 39. Kf3 e2 40. Re1 Qd6 41. Qc4 Kf6 42. Rxe2 Rxe2 43. Kxe2 Qe7+ 44. Kd2 Qd6 45. Kc2 Qb6 46. Qc3+ Kf5 47. b4 Qf2+ 48. Kb3 Qg2 49. Kxa3 Qxd5 50. Qxc7 Qf3+ 51. Ka4 Qxg3 52. Qxb7 Qxh4 53. Qd5+ 1-0

[Event "BCF-chT4S 1920 (4NCL)"]
[Site "England"]
[Date "2020.02.08"]
[Round "5.112"]
[White "John, Adam"]
[Black "Cundy, Mark A"]
[Result "1/2-1/2"]
[WhiteElo "1659"]
[BlackElo "1872"]
[PlyCount "53"]
[EventDate "2019.11.09"]
[EventType "team-swiss"]
[EventRounds "11"]
[EventCountry "ENG"]
[SourceTitle "EXT 2022"]
[Source "ChessBase"]
[SourceDate "2021.10.06"]
[SourceVersion "1"]
[SourceVersionDate "2021.10.06"]
[SourceQuality "1"]
[WhiteTeam "Iceni III"]
[BlackTeam "Warwicks Select II"]
[WhiteTeamCountry "ENG"]
[BlackTeamCountry "ENG"]

1. e4 c5 2. g3 Nc6 3. Bg2 g6 4. d3 Bg7 5. c3 d6 6. f4 e6 7. Nf3 Nge7 8. 0-0 0-0 9. Na3 Rb8 10. Nc2 b5 11. Be3 b4 12. d4 bxc3 13. bxc3 Qa5 14. Qd2 Ba6 15. Rfb1 cxd4 16. Ncxd4 Rfd8 17. Rc1 Bc4 18. Nb3 Qa3 19. Rcb1 a5 20. Ne1 Qa4 21. Nc2 Qb5 22. Na3 Qa4 23. Nxc4 Qxc4 24. Rc1 a4 25. Nd4 a3 26. Rab1 Qa4 27. Nxc6 1/2-1/2

[Event "BCF-chT4S 1819 (4NCL)"]
[Site "England"]
[Date "2019.01.12"]
[Round "3.74"]
[White "Cundy, Mark A"]
[Black "Portman, Carl S"]
[Result "1/2-1/2"]
[WhiteElo "1855"]
[BlackElo "1967"]
[PlyCount "36"]
[EventDate "2018.11.17"]
[EventType "team-swiss"]
[EventRounds "11"]
[EventCountry "ENG"]
[SourceTitle "EXT 2021"]
[Source "ChessBase"]
[SourceDate "2020.10.23"]
[SourceVersion "1"]
[SourceVersionDate "2020.10.23"]
[SourceQuality "1"]
[WhiteTeam "Warwicks Select II"]
[BlackTeam "Shropshire II"]
[WhiteTeamCountry "ENG"]
[BlackTeamCountry "ENG"]

1. e4 c6 2. d4 d5 3. exd5 cxd5 4. c4 Nf6 5. Nc3 Nc6 6. Bg5 e6 7. c5 h6 8. Bf4 g5 9. Bg3 Ne4 10. Bb5 Qa5 11. Nge2 Nxg3 12. hxg3 Bg7 13. a3 Bd7 14. b4 Qd8 15. 0-0 Qf6 16. Bxc6 bxc6 17. Qd2 h5 18. Qe3 Kf8 1/2-1/2

[Event "BCF-chT4S 1819 (4NCL)"]
[Site "England"]
[Date "2018.11.17"]
[Round "1.43"]
[White "Neale, George"]
[Black "Cundy, Mark A"]
[Result "1/2-1/2"]
[WhiteElo "1870"]
[BlackElo "1855"]
[PlyCount "50"]
[EventDate "2018.11.17"]
[EventType "team-swiss"]
[EventRounds "11"]
[EventCountry "ENG"]
[SourceTitle "EXT 2021"]
[Source "ChessBase"]
[SourceDate "2020.10.23"]
[SourceVersion "1"]
[SourceVersionDate "2020.10.23"]
[SourceQuality "1"]
[WhiteTeam "Sussex Martlets III"]
[BlackTeam "Warwicks Select II"]
[WhiteTeamCountry "ENG"]
[BlackTeamCountry "ENG"]

1. d4 f5 2. c4 Nf6 3. Nc3 g6 4. g3 Bg7 5. Bg2 0-0 6. e3 d6 7. Nge2 c6 8. 0-0 e5 9. Re1 Na6 10. a3 Nc7 11. b4 e4 12. Rb1 Be6 13. c5 g5 14. Qc2 d5 15. b5 Nce8 16. Bd2 Nh5 17. bxc6 bxc6 18. Qa4 Qc7 19. Rb4 Bh6 20. Reb1 Bc8 21. Qb3 Nef6 22. Rb8 Ba6 23. Rxf8+ Rxf8 24. Qa4 Bc8 25. Qb3 Ba6 1/2-1/2

[Event "BCF-chT3N 1718 (4NCL)"]
[Site "England"]
[Date "2018.05.05"]
[Round "9.36"]
[White "Cundy, Mark A"]
[Black "Armstrong, William G"]
[Result "1/2-1/2"]
[WhiteElo "1955"]
[BlackElo "1817"]
[PlyCount "91"]
[EventDate "2017.11.11"]
[EventType "team-swiss"]
[EventRounds "11"]
[EventCountry "ENG"]
[SourceTitle "EXT 2020"]
[Source "ChessBase"]
[SourceDate "2019.10.17"]
[SourceVersion "1"]
[SourceVersionDate "2019.10.17"]
[SourceQuality "1"]
[WhiteTeam "Warwicks Select II"]
[BlackTeam "Cheddleton II"]
[WhiteTeamCountry "ENG"]
[BlackTeamCountry "ENG"]

1. e4 c5 2. Nf3 g6 3. d4 cxd4 4. Qxd4 Nf6 5. e5 Nc6 6. Qa4 Nd5 7. Qb3 Nc7 8. Bf4 Bg7 9. Nbd2 0-0 10. Bg3 Ne6 11. Qe3 Nb4 12. Qe4 a5 13. c3 Nc5 14. Qb1 Nc6 15. Bc4 d6 16. exd6 Bf5 17. Qd1 exd6 18. 0-0 d5 19. Bb5 Qb6 20. Bxc6 bxc6 21. Nb3 Nd3 22. Qd2 c5 23. Nc1 Nxb2 24. Qxd5 Bxc3 25. Ne2 Bg7 26. Ne5 Be6 27. Qd2 Rfd8 28. Qc2 Bf5 29. Qb3 Qxb3 30. axb3 Re8 31. Ra2 Nd3 32. Nc4 Nb4 33. Rd2 Bd3 34. Ne3 a4 35. bxa4 c4 36. Rc1 Bxe2 37. Rxe2 c3 38. Kf1 Rxa4 39. Bd6 Nd3 40. Rd1 Rd4 41. Ba3 Nb2 42. Rb1 Rd2 43. Rxd2 cxd2 44. Bxb2 Rb8 45. Nc4 Bxb2 46. Nxd2 1/2-1/2

[Event "BCF-chT2a 1617 (4NCL)"]
[Site "England"]
[Date "2016.11.20"]
[Round "2.46"]
[White "Cundy, Mark A"]
[Black "Anderton, David William"]
[Result "1/2-1/2"]
[WhiteElo "1931"]
[BlackElo "2132"]
[PlyCount "52"]
[EventDate "2016.11.19"]
[EventType "team-tourn"]
[EventRounds "11"]
[EventCountry "ENG"]
[SourceTitle "EXT 2019"]
[Source "ChessBase"]
[SourceDate "2018.10.10"]
[SourceVersion "1"]
[SourceVersionDate "2018.10.10"]
[SourceQuality "1"]
[WhiteTeam "Warwicks Select II"]
[BlackTeam "The ADS"]
[WhiteTeamCountry "ENG"]
[BlackTeamCountry "ENG"]

1. e4 e6 2. d4 d5 3. Nc3 Bb4 4. e5 c5 5. a3 Bxc3+ 6. bxc3 Qa5 7. Bd2 Qa4 8. Be3 c4 9. Ne2 Nc6 10. g3 Bd7 11. Bg2 0-0-0 12. 0-0 f6 13. exf6 Nxf6 14. Qb1 h6 15. Qb2 g5 16. f4 g4 17. f5 exf5 18. Nf4 Qa5 19. Ng6 Rhe8 20. Bxh6 Ne4 21. Bxe4 Rxe4 22. Bf4 Rde8 23. Ne5 Nxe5 24. Bxe5 Re3 25. Qb4 Qxb4 26. cxb4 Rc3 1/2-1/2

[Event "BCF-chT3S 1415 (4NCL)"]
[Site "England"]
[Date "2015.01.10"]
[Round "3.189"]
[White "Cundy, Mark A"]
[Black "Taylor, Robert P"]
[Result "1-0"]
[WhiteElo "1885"]
[BlackElo "1990"]
[PlyCount "36"]
[EventDate "2014.11.15"]
[EventType "team-swiss"]
[EventRounds "6"]
[EventCountry "ENG"]
[SourceTitle "EXT 2016"]
[Source "ChessBase"]
[SourceDate "2015.10.08"]
[SourceVersion "1"]
[SourceVersionDate "2015.10.08"]
[SourceQuality "1"]
[WhiteTeam "Warwicks Select II"]
[BlackTeam "Ashfield Breadsall"]
[WhiteTeamCountry "ENG"]
[BlackTeamCountry "ENG"]

1. e4 e5 2. f4 Nc6 3. Nf3 d6 4. Nc3 exf4 5. d4 g5 6. h4 g4 7. Ng1 Be7 8. Bxf4 Bxh4+ 9. g3 Bg5 10. Nge2 h5 11. Qd2 Bxf4 12. Nxf4 h4 13. 0-0-0 h3 14. Qe3 Nge7 15. Be2 Bd7 16. e5 Nf5 17. Qf2 dxe5 18. dxe5 Qg5 1-0